000 00382cam a22001217a 4500
008 180718b1933 xxu||||| |||| 00| 0 eng d
082 _aAB2x54 P586
100 _aPickett, J Wisdom
245 _aChristian mass movements in India: a study with recommendations
_cby J. Wisdom Pickett
260 _aLucknow
_bLucknow Publishing House
_c1933
300 _a882p
650 _aMissions -India
999 _c416270
_d416270